000 00687nam a22002297i 4500
003 URS
005 20220114152930.0
008 160314b xxu||||| |||| 00| 0 eng d
020 _a9789712356841
040 _erda
_cURSP-College Library
_beng
050 _aLB2369
_b001.42 B41t 2010
100 1 _aBelen, Jose Alejandro R.
245 _aThesis writing primer
_cJose Alejandro R.Belen
264 _aManila
_bRex Book Store
_c2010
300 _ax, 69 pages:
_bcolour illustration;
_c25 cm
336 _atext
_btxt
_2rdacontent
337 _aunmediated
_bn
_2rdamedia
338 _avolume
_bnc
_2rdacarrier
500 _aIncludes references and index
650 0 _aResearch.
942 _2lcc
_cF
999 _c7879
_d7879